Arantzazutik mundu zabalera : euskararen normatibizazioa : 1968-2018 = (Registro nro. 273793)

Detalles MARC
000 -LEADER
fixed length control field 02214nam a2200529Ii 4500
001 - CONTROL NUMBER
control field DIGIBE1093
003 - CONTROL NUMBER IDENTIFIER
control field NyNyDIG
007 - PHYSICAL DESCRIPTION FIXED FIELD--GENERAL INFORMATION
fixed length control field cr |||||||||||
008 - FIXED-LENGTH DATA ELEMENTS--GENERAL INFORMATION
fixed length control field 220708s2021 sp a ob 001 0 spa d
006 - FIXED-LENGTH DATA ELEMENTS--ADDITIONAL MATERIAL CHARACTERISTICS
fixed length control field m o d
035 ## - SYSTEM CONTROL NUMBER
System control number (OCoLC)1350507586
040 ## - CATALOGING SOURCE
Original cataloging agency DGITA
Language of cataloging eng
Description conventions rda
-- pn
Transcribing agency DGITA
020 ## - INTERNATIONAL STANDARD BOOK NUMBER
International Standard Book Number 9783968691589
Qualifying information eBook
-- pdf
020 ## - INTERNATIONAL STANDARD BOOK NUMBER
Canceled/invalid ISBN 9788491922131
Qualifying information Iberoamericana
020 ## - INTERNATIONAL STANDARD BOOK NUMBER
Canceled/invalid ISBN 9783968691572
Qualifying information Vervuert
020 ## - INTERNATIONAL STANDARD BOOK NUMBER
Canceled/invalid ISBN 9788412298840
Qualifying information Euskaltzaindia
041 1# - LANGUAGE CODE
Language code of text/sound track or separate title baq
-- spa
-- eng
-- fre
043 ## - GEOGRAPHIC AREA CODE
Geographic area code e-sp---
050 14 - LIBRARY OF CONGRESS CALL NUMBER
Classification number PH5039.5.S6 ebook
100 1# - MAIN ENTRY--PERSONAL NAME
Personal name Urrutia Badiola, Andrés,
Relator term author.
245 10 - TITLE STATEMENT
Title Arantzazutik mundu zabalera : euskararen normatibizazioa : 1968-2018 =
Remainder of title La normativización del euskera: 1968-2018 = La standardisation de la langue basque: 1968-2018 = Basque language's standardization: 1968-2018 /
Statement of responsibility, etc. Andrés M. Urrutia (arg.).
246 31 - VARYING FORM OF TITLE
Title proper/short title Normativización del euskera
246 31 - VARYING FORM OF TITLE
Title proper/short title Standardisation de la langue basque
246 31 - VARYING FORM OF TITLE
Title proper/short title Basque language's standardization
264 #1 - PRODUCTION, PUBLICATION, DISTRIBUTION, MANUFACTURE, AND COPYRIGHT NOTICE
Place of production, publication, distribution, manufacture Madrid :
Name of producer, publisher, distributor, manufacturer Iberoamericana ;
Place of production, publication, distribution, manufacture Frankfurt am Main :
Name of producer, publisher, distributor, manufacturer Vervuert ;
Place of production, publication, distribution, manufacture Bilbao :
Name of producer, publisher, distributor, manufacturer Euskaltzaindia,
Date of production, publication, distribution, manufacture, or copyright notice 2021.
300 ## - PHYSICAL DESCRIPTION
Extent 1 online resource.
336 ## - CONTENT TYPE
Content type term text
Content type code txt
Source rdacontent
337 ## - MEDIA TYPE
Media type term computer
Media type code c
Source rdamedia
338 ## - CARRIER TYPE
Carrier type term online resource
Carrier type code cr
Source rdacarrier
347 ## - DIGITAL FILE CHARACTERISTICS
File type text file
Source rdaft
347 ## - DIGITAL FILE CHARACTERISTICS
Encoding format PDF
490 1# - SERIES STATEMENT
Series statement Iker ;
Volume/sequential designation 40
504 ## - BIBLIOGRAPHY, ETC. NOTE
Bibliography, etc. note Includes bibliographical references and index.
546 ## - LANGUAGE NOTE
Language note Texts in Basque, Spanish, English and French.
588 0# - SOURCE OF DESCRIPTION NOTE
Source of description note Online resource; title from PDF title page (Digitalia, viewed July 08, 2022)
650 #0 - SUBJECT ADDED ENTRY--TOPICAL TERM
Topical term or geographic name entry element Basque language
General subdivision Standardization.
650 #0 - SUBJECT ADDED ENTRY--TOPICAL TERM
Topical term or geographic name entry element Language policy
Geographic subdivision Spain.
651 #0 - SUBJECT ADDED ENTRY--GEOGRAPHIC NAME
Geographic name País Vasco (Spain)
655 #0 - INDEX TERM--GENRE/FORM
Genre/form data or focus term Electronic books.
791 2# -
-- Digitalia (Firm),
-- distributor.
793 0# -
-- Digitalia eBook Collection:
-- Iberoamericana.
776 08 - ADDITIONAL PHYSICAL FORM ENTRY
Relationship information Print version:
Main entry heading Urrutia Badiola, Andrés.
Title Arantzazutik mundu zabalera.
Place, publisher, and date of publication Madrid : Iberoamericana ; Frankfurt am Main : Vervuert ; Bilbao : Euskaltzaindia, 2021
International Standard Book Number 9788491922131
830 #0 - SERIES ADDED ENTRY--UNIFORM TITLE
Uniform title Iker ;
Volume/sequential designation 40.
856 40 - ELECTRONIC LOCATION AND ACCESS
Materials specified Digitalia Hispánica
Uniform Resource Identifier <a href="https://www.digitaliapublishing.com/a/112584/">https://www.digitaliapublishing.com/a/112584/</a>
910 ## - USER-OPTION DATA (OCLC)
User-option data Premium collection: 2022
942 ## - ADDED ENTRY ELEMENTS (KOHA)
Koha item type Recurso Electrónico
Existencias
Withdrawn status Lost status Damaged status Not for loan Collection Home library Current library Date acquired Total checkouts Date last seen Price effective from Koha item type
        Digitalia Ebooks Hispanica Biblioteca Digital UIN Biblioteca Digital UIN 04/25/2025   04/25/2025 04/25/2025 Recurso Electrónico

CONTACTO


NOSOTROS


SITIOS DE INTERES

coordinacion.biblioteca.biblioteca@unienlinea.mx Misión, Visión y Objetivos Bases de datos
Directorio Bibliotecas Digitales y Repositorios
Normatividad Revistas y artículos
Convenios interbibliotecarios
Boletines



Hecho en México. Universidad Insurgentes (UIN). Todos los derechos reservados 2024. Esta página y sus contenidos pueden ser reproducidos con fines no lucrativos, siempre y cuando no se mutile, se cite la fuente completa y su dirección electrónicas. De otra forma requiere permiso previo por escrito de la institución




2024 Copyright Universidad Insurgentes | www.bibliouin.com.mx